| 000 | 00777nam a2200253Ia 4500 | ||
|---|---|---|---|
| 003 | OSt | ||
| 005 | 20221005044237.0 | ||
| 006 | a|||||r|||| 00| 0 | ||
| 007 | ta | ||
| 008 | 221004b |||||||| |||| 00| 0 eng d | ||
| 020 |
_a81 250 2649 5 (hbk) _c545 |
||
| 024 | _a21781 | ||
| 037 |
_bIN/2014-15/1477, 26/03/2015, Selectbook Service Syndicate _cTextual |
||
| 040 |
_aCRL _cCRL _beng |
||
| 041 |
_2eng _aeng |
||
| 082 | _aP0bZ, Q4 | ||
| 100 |
_aGibbons John Ed. _9578681 |
||
| 245 | 0 | _aLanguage in the law | |
| 260 |
_aHyderabad _bOrient Blackswan India _c2004 |
||
| 300 |
_a139p. _ccm. |
||
| 650 | _aLINGUISTICS | ||
| 942 |
_hP0bZ, Q4 _cTEXL _2cc |
||
| 999 |
_c953102 _d953102 |
||